U.S. History Multiple Choice #1 - Statistics

General Stats
  • This quiz has been taken 22,191 times
    22,137 since last reset
  • The average score is 11 of 15
Answer Stats
Question Answer % Correct
Who gave the famous "I Have a Dream" speech? Martin Luther King Jr.
98%
What was the name of the spaceflight program that landed humans on the moon from 1969–1972? Apollo
93%
What was John F. Kennedy's middle name? Fitzgerald
85%
In what year did the U.S enter World War II? 1941
78%
Which war killed the most Americans? Civil War
76%
The Battles of Lexington and Concord were the first battles in the American revolution. In what state did they take place? Massachusetts
73%
In the Constitution, each state gets a number of Representatives based on its population. Were slaves counted as part of the population? Slaves were counted as 3/5ths
73%
What country was blamed for the sinking of the USS Maine in 1898? Spain
72%
Who was President at the time of the Louisiana Purchase? Thomas Jefferson
69%
Who was the first president to be impeached? Andrew Johnson
68%
Which of these cities has not hosted the Olympics? Chicago
63%
In exchange for the USSR taking its missiles out of Cuba, which of these countries did the U.S. remove missiles from? Turkey
59%
What party did Presidents Tyler, Taylor, Fillmore, and Harrison belong to? Whig
57%
The Fortune 500 measures the largest companies by revenue. What company topped the Fortune 500 in 1970? General Motors
50%
Which of these structures was once the tallest in the world? Washington Monument
41%
No matching quizzes found
Score Distribution
Percent of People with Each Score
Percentile by Number Answered
Your Score History
You have not taken this quiz since the last reset